Test wiedzy o Far Cry Primal - Statystyki

Ogólne statystyki
  • Ten quiz został rozwiązany 35 razy
  • Średni wynik to 7 z 15
Statystyki odpowiedzi
Pytanie Odpowiedź % Poprawnych
Jak nazywa się wielki niedźwiedź którego możemy oswoić po polowaniu władcy zwierząt? Wielka Szrama
72%
Jak na imię ma szaman? Tensai
69%
Jak na imię ma zbieraczka? Saila
66%
Jak nazywają się 3 wilki z których dwa z nich mamy zabić a jednego oswoić? Czerwone Śniegi
62%
Jak na imię ma wojownik? Karusz
62%
Jak nazywa się wielki szabloząb którego możemy oswoić po polowaniu władcy zwierząt? Krwawy Pazur
62%
Jak nazywa się osoba którą przyprowadzamy z fortu Udam do naszej wioski? Dah
59%
Jak nazywa się mamut którego mamy zabić na polowaniu władcy zwierząt? Krwawy Cios
52%
Jak Łindźa nazywają Batari? Córka Słońca
48%
Jak nazywa się osoba którą przyprowadzamy z fortu Izila do naszej wioski? Roszani
45%
Jak nazywa się fort Udam? Fort Wielkiego Drzewa
38%
Jak na imię miał nie żyjący syn Batari? Krati
38%
Jak nazywa się fort Izila? Fort Ognistego Krzyku
24%
Jak nazywa się bóg słońca Izila? Suhli
21%
Jak na imię ma osoba która na początku gry umiera od upadku? Dalso
17%
Nie znaleziono quizów pasujących do podanych kryteriów
Rozkład punktacji
Procent ludzi z każdym wynikiem
Percentyl według liczby udzielonych odpowiedzi
Twoja historia wyników
Nie rozwiązałeś tego quizu